000 00545nam a22002177a 4500
003 UA-OsUOA
001 57836
007 ta
008 20090113b un ||||| |||| 00| 0 ukr d
100 _aГлушман І.
090 _a908
_bГ55
942 _cSA
040 _aUA-OsUOA
_bukr
_cUA-OsUOA
_dUA-OsUOA
245 _aОстрожанам передали Вифлиємський Вогонь миру
300 _aС.1,2
955 _a0
041 _aukr
080 _a908
773 0 _w57835
650 7 _a908 Краєзнавство
_2UDC
999 _c343920
_d343920